The water gods : The inside story of a world bank project in Nepal

Na minha lista:
Detalhes bibliográficos
Autor principal: Anna Paskal
Formato: Livro
Idioma:Undetermined
Publicado em: Canada Véhicule Press 2000
Assuntos:
Tags: Adicionar Tag
Sem tags, seja o primeiro a adicionar uma tag!
Thư viện lưu trữ: Trung tâm Học liệu Trường Đại học Cần Thơ
LEADER 00481nam a2200169Ia 4500
001 CTU_56004
008 210402s9999 xx 000 0 und d
082 |a 915.49604 
082 |b P282 
100 |a Anna Paskal 
245 4 |a The water gods : The inside story of a world bank project in Nepal 
245 0 |c Anna Paskal 
260 |a Canada 
260 |b Véhicule Press 
260 |c 2000 
650 |a Nepal - Geography 
980 |a Trung tâm Học liệu Trường Đại học Cần Thơ